000 00928nam a2200253Ia 4500
003 OSt
005 20220923215741.0
006 a|||||r|||| 00| 0
007 ta
008 220922b |||||||| |||| 00| 0 hin d
024 _a181,483
037 _cTextual
040 _aARTS
_cARTS
_bhin
041 _2hin
_ahin
082 _aO152,1:g(Y), L2
100 _aविजयवर्गीय, प्रेमचन्द
245 0 _aआधुनिक हिन्दी कविताओं का सामाजिक दर्शन
246 _aĀdhunik hindī kavitāoan kā sāmājik darshana
260 _aजयपुर
_b नाफना प्रकाशन
_c1972
300 _a421 पृ.
_ccm.
650 _aहिन्दी साहित्य
_9156264
942 _hO152,1:g(Y), L2
_cTEXL
_2CC
999 _c334860
_d334860